| 000 | 01745nam a2200397 i 4500 | ||
|---|---|---|---|
| 001 | 114401 | ||
| 003 | FINmELB | ||
| 005 | 20241217174509.0 | ||
| 006 | m o u | ||
| 007 | cr cn||||||||| | ||
| 008 | 230314s2022 ck a o 000 0 spa d | ||
| 020 |
_a9786287537293 _q(digital) |
||
| 035 | _a(OCoLC)1377204745 | ||
| 040 |
_aFINmELB _bspa _erda _cFINmELB |
||
| 050 | 4 |
_aQA304 _b.O458 2022 |
|
| 080 | _a517.2 | ||
| 082 | 0 | 4 |
_a515.33 _223 |
| 100 | 1 |
_aOlivar Robayo, Luis Eduardo, _eautor. |
|
| 245 | 1 | 0 |
_aNotas de cálculo diferencial en una variable real / _cLuis Eduardo Olivar Robayo, Leonardo Duván Restrepo Álape, Héctor Andrés Granada Díaz. |
| 264 | 1 |
_aTolima : _bSello Editorial Universidad del Tolima, _c2022. |
|
| 300 |
_a1 recurso en línea : _bilustraciones, tablas |
||
| 336 |
_atexto _btxt _2rdacontent/spa |
||
| 337 |
_acomputadora _bc _2rdamedia/spa |
||
| 338 |
_arecurso en línea _bcr _2rdacarrier/spa |
||
| 505 | 0 | _aLos números reales y sus propiedades -- Relaciones y funciones-- Limites de funciones y propiedades de los limites-- Funciones continuas-- Derivada --Aplicaciones de la derivada. | |
| 588 | _aDescripción basada en metadatos suministrados por el editor y otras fuentes. | ||
| 590 | _aRecurso electrónico. Santa Fe, Arg.: elibro, 2023. Disponible vía World Wide Web. El acceso puede estar limitado para las bibliotecas afiliadas a elibro. | ||
| 650 | 4 | _aCálculo diferencial. | |
| 650 | 4 | _aFunciones. | |
| 650 | 4 | _aNúmeros reales. | |
| 655 | 4 | _aLibros electrónicos. | |
| 700 | 1 |
_aRestrepo Álape, Leonardo Duván, _eautor. |
|
| 700 | 1 |
_aGranada Díaz, Héctor Andrés, _eautor. |
|
| 797 | 2 | _aelibro, Corp. | |
| 856 | 4 | 0 | _uhttps://elibro.net/ereader/politecnicointernacional/228407 |
| 999 |
_c114401 _d114401 |
||